000 00406nam a22001337a 4500
082 _a620.112
_bCAS
_cL-21, P-59
100 _aJ.Case, A.H Chilver
_940786
245 _aStrength of materials /
_cJ.Case, A.H Chilver
260 _aLodan:
_bEdward Arnold (Publisher) Ltd
_cc1959
300 _axii, 390p,:
_bdiagram.;
_c18cm
526 _a0
_b0
_c0
_d620_112000000000000_CAS
650 _aMCE
_9379
942 _2ddc
_cBK
999 _c545032
_d545032